| 000 | 01418cam a2200241 4500 | ||
|---|---|---|---|
| 001 | L136002 | ||
| 008 | 070102n2006 000 0 eng u | ||
| 035 | _a(Sirsi) u136002 | ||
| 041 | 0 | _aeng | |
| 110 | 1 |
_aUnited Kingdom _kLaws, etc _95044 |
|
| 245 | 0 | 4 | _aThe Water Resources (Environmental Impact Assessment) (England and Wales) (Amendment) Regulations 2006 |
| 260 |
_aLondon _bOPSI _c2006 |
||
| 490 | 0 |
_aSI _v2006: 3124 |
|
| 520 | _aThese Regulations implement the amendments to Directive 85/337/EEC on the assessment of the effects of certain public and private projects on the environment made by Directive 2003/35/EC Article 3 providing for public participation in respect of the drawing up of certain plans and programmes relating to the environment and amending with regard to public participation and access to justice Council Directives 85/337/EEC and 96/61/EC. | ||
| 650 | 2 | 4 | _aTHE WATER RESOURCES (ENVIRONMENTAL IMPACT ASSESSMENT) (ENGLAND AND WALES) (AMENDMENT) REGULATIONS 2006 |
| 650 | 2 | 4 | _aDIRECTIVE 85/337/EEC |
| 650 | 2 | 4 | _aDIRECTIVE 2003/35/EC |
| 650 | 2 | 4 | _aDIRECTIVE 96/61/EC |
| 651 | 4 |
_aEngland and Wales _y1543- |
|
| 690 | _aENVIRONMENTAL AND LAND CONSULTANCY-ENVIRONMENTAL MANAGEMENT-ENVIRONMENTAL ASSESSMENT-ENVIRONMENTAL IMPACT ASSESSMENT | ||
| 856 | 4 | 0 |
_uhttps://www.opsi.gov.uk/si/si2006/20063124.htm _zView the Statutory Instrument free of charge at www.opsi.gov.uk... |
| 942 | _n0 | ||
| 999 |
_c106281 _d106281 |
||